Word Ladder: An Internet Loop Quiz Stats

 Plays Quiz Updated Nov 5, 2013

Support Sporcle.
Go Orange.
Score 0/33 Timer 03:00
2 Plays Today
Clue 4-letter word % Correct
Opposite of lessMORE
99.5%
12:00 middayNOON
97.3%
Explosive deviceBOMB
92.8%
Nocturnal flying mammalsBATS
90.9%
Time before 12:00 middayMORN
90.8%
AdorableCUTE
90.4%
A burial chamberTOMB
90%
A storyTALE
88.8%
A unit of hayBALE
88.4%
Fluid secreted by the liverBILE
87.6%
ChompBITE
87.1%
Sections of meatCUTS
84.9%
Opposite of rightLEFT
84%
The solution to your ailmentCURE
83.5%
From birth to deathLIFE
83.3%
The internet is full of pictures of theseCATS
82.9%
An elevator in the UKLIFT
81.6%
Clue 4-letter word % Correct
A Scandinavian goddess of destinyNORN
81.4%
A large bookTOME
79.7%
DocileTAME
79.3%
Red root vegetableBEET
79.3%
To reduce the force of intensity ofBATE
78.8%
Fishing line attachmentLURE
76.4%
Pants suspenderBELT
75.6%
One who gets pwn'dn00b
73.7%
Stupid, awkward personBOOB
72.5%
Traditional knowledge or beliefLORE
69.2%
Descriptive of one who pwns1337
67.9%
Drill intoBORE
67.9%
Former Italian moneyLIRE
64%
Partner of a nutBOLT
62%
The trunk of a treeBOLE
55.5%
A swampMIRE
52.1%

Today's Daily Dose

You're not logged in!

Compare scores with friends on all Sporcle quizzes.
OR
Log In

From the Vault

Famous Littles

by triviahappy

Admittedly we were a little nervous playing this quiz.
Remove Ads.
Support Sporcle.
Get the best of Sporcle when you Go Orange. This ad-free experience offers more features, more stats, and more fun while also helping to support Sporcle. Thank you for becoming a member.

Show Comments

Extras

Top Quizzes Today


Score Distribution

Your Account Isn't Verified!

In order to create a playlist on Sporcle, you need to verify the email address you used during registration. Go to your Sporcle Settings to finish the process.

Report this User

Report this user for behavior that violates our Community Guidelines.

Details: